00516nam a2200193Ia 4500008004100000020001400041050001100055050001600066100002700082245002200109245006300131245002700194260002100221260002400242260000900266300001600275300001100291500002000302170203s9999 xx 000 0 und d a749924942 a650.14 b.R521c 2004 aRichardson, Bradley G. aCareer Comeback : bget back on your feet and achieve more job satisfaction! / cBradley G. Richardson. aUnited Kingdom : bPiatkus Books Ltd.  c2004 a287 pages : c20 cm. aincludes index.